|
|
|
|
| LEADER |
00687nab a2200169 i 4500 |
| 001 |
delm141646 |
| 005 |
20200206151613.0 |
| 008 |
200206s2009 hu o 0|| hun d |
| 040 |
|
|
|a SZTE Délmagyarország Archívum
|b hun
|
| 041 |
|
|
|a hun
|
| 100 |
1 |
|
|a Kormos Tamás
|
| 245 |
1 |
0 |
|a Ford T-modellel is taxizhatnánk
|h [elektronikus dokumentum] :
|b Galamb József autójának másolatai szállítanák az utasokat Makón /
|c Kormos Tamás
|
| 260 |
|
|
|c 2009-05-21
|
| 300 |
|
|
|a 6
|
| 490 |
0 |
|
|a Délmagyarország
|v 99 No. 118
|
| 695 |
|
|
|a Galamb József 1881-1955, Makó, Mérnök Makó, Szakképzés gépjárműjavítás Ford T-modell, Galamb József Szakközépiskola (Makó)
|
| 700 |
0 |
1 |
|a Galamb József
|e aut
|